Combien de ville de l'Aveyron (12) connais-tu ? - Statistiques

Statistiques générales
  • Ce quiz a été pris 31 fois
  • Le résultat moyen est 23 sur 285
Statistiques - réponses
Code Postal Ville % Correct
12008 Rodez
100%
12104 Millau
93%
12203 Villefranche-de-Rouergue
67%
12500 Espalion
56%
12850 Onet-le-Château
52%
12160 Baraqueville
48%
12340 Bozouls
48%
12400 Saint-Affrique
48%
12300 Decazeville
44%
12450 Luc-la-Primaube
44%
12800 Naucelle
41%
12190 Estaing
37%
12290 Pont-de-Salars
37%
12170 Réquista
37%
12450 Flavin
33%
12210 Laguiole
30%
12510 Olemps
30%
12390 Rignac
30%
12110 Aubin
26%
12220 Montbazens
26%
12270 Najac
26%
12390 Belcastel
22%
12700 Capdenac-Gare
22%
12140 Entraygues-sur-Truyère
22%
12300 Firmi
22%
12330 Marcillac-Vallon
22%
12600 Mur-de-Barrez
22%
12150 Sévérac d'Aveyron
22%
12520 Aguessac
19%
12360 Camarès
19%
12240 Rieupeyroux
19%
12430 Villefranche-de-Panat
19%
12260 Villeneuve
19%
12120 Arvieu
15%
12320 Conques-en-Rouergue
15%
12110 Cransac
15%
12100 Creissels
15%
12510 Druelle Balsac
15%
12350 Lanuéjouls
15%
12000 Monastère
15%
12160 Moyrazès
15%
12230 Nant
15%
12850 Sainte-Radegonde
15%
12410 Salles-Curan
15%
12740 Sébazac-Concourès
15%
12630 Agen-d'Aveyron
11%
12420 Argences en Aubrac
11%
12310 Bertholène
11%
12270 Bor-et-Bar
11%
12480 Broquiès
11%
12450 Calmont
11%
12580 Campuac
11%
12290 Canet-de-Salars
11%
12300 Flagnac
11%
12350 Maleville
11%
12400 Montlaur
11%
12700 Naussac
11%
12220 Peyrusse-le-Roc
11%
12250 Roquefort-sur-Soulzon
11%
12220 Roussennac
11%
12460 Saint-Amans-des-Cots
11%
12620 Saint-Beauzély
11%
12500 Saint-Côme-d'Olt
11%
12230 Sainte-Eulalie-de-Cernon
11%
12130 Sainte-Eulalie-d'Olt
11%
12100 Saint-Georges-de-Luzençon
11%
12490 Saint-Rome-de-Cernon
11%
12380 Saint-Sernin-sur-Rance
11%
12330 Salles-la-Source
11%
12800 Sauveterre-de-Rouergue
11%
12190 Sébrazac
11%
12210 Soulages-Bonneval
11%
12800 Tauriac-de-Naucelle
11%
12400 Vabres-l'Abbaye
11%
12300 Almont-les-Junies
7%
12260 Ambeyrac
7%
12700 Asprières
7%
12390 Auzits
7%
12370 Belmont-sur-Rance
7%
12300 Bouillac
7%
12390 Bournazel
7%
12160 Boussac
7%
12600 Brommat
7%
12560 Campagnac
7%
12420 Cantoin
7%
12120 Cassagnes-Bégonhès
7%
12120 Centrès
7%
12240 Colombiès
7%
12350 Compolibat
7%
12120 Comps-la-Grand-Ville
7%
12550 Coupiac
7%
12350 Drulhe
7%
12140 Espeyrac
7%
12340 Gabriac
7%
12220 Galgan
7%
12140 Golinhac
7%
12390 Goutrens
7%
12460 Huparlac
7%
12300 Livinhac-le-Haut
7%
12220 Lugan
7%
12390 Mayran
7%
12460 Montézic
7%
12260 Ols-et-Rinhodes
7%
12290 Prades-Salars
7%
12350 Prévinquières
7%
12640 Rivière-sur-Tarn
7%
12340 Rodelle
7%
12270 Saint-André-de-Najac
7%
12120 Sainte-Juliette-sur-Viaur
7%
12320 Saint-Félix-de-Lunel
7%
12260 Saint-Igest
7%
12480 Saint-Izaire
7%
12550 Saint-Juéry
7%
12300 Saint-Parthem
7%
12490 Saint-Rome-de-Tarn
7%
12300 Saint-Santin
7%
12460 Saint-Symphorien-de-Thénières
7%
12200 Sanvensa
7%
12290 Ségur
7%
12200 Toulonjac
7%
12780 Vézins-de-Lévézou
7%
12110 Viviez
7%
12430 Alrance
4%
12360 Arnac-sur-Dourdou
4%
12290 Arques
4%
12430 Ayssènes
4%
12200 Bas Ségala
4%
12500 Bessuéjouls
4%
12300 Boisse-Penchot
4%
12350 Brandonnet
4%
12480 Brousse-le-Château
4%
12360 Brusque
4%
12160 Camboulazet
4%
12800 Camjac
4%
12460 Campouriez
4%
12330 Clairvaux-d'Aveyron
4%
12520 Compeyre
4%
12190 Coubisou
4%
12410 Curan
4%
12170 Durenque
4%
12390 Escandolières
4%
12360 Fayet
4%
12140 Fel
4%
12140 Florentin-la-Capelle
4%
12260 Foissac
4%
12310 Gaillac-d'Aveyron
4%
12360 Gissac
4%
12160 Gramond
4%
12600 Lacroix-Barrez
4%
12310 Laissac-Sévérac l'Église
4%
12230 Lapanouse-de-Cernon
4%
12500 Lassouts
4%
12270 Lunac
4%
12160 Manhac
4%
12540 Marnhagues-et-Latour
4%
12200 Martiel
4%
12200 Monteils
4%
12630 Montrozier
4%
12260 Montsalès
4%
12720 Mostuéjouls
4%
12330 Muret-le-Château
4%
12330 Nauviale
4%
12360 Peux-et-Couffouleux
4%
12720 Peyreleau
4%
12130 Pomayrols
4%
12470 Prades-d'Aubrac
4%
12350 Privezac
4%
12320 Pruines
4%
12800 Quins
4%
12400 Rebourguil
4%
12720 Saint-André-de-Vézines
4%
12540 Saint-Beaulize
4%
12470 Saint-Chély-d'Aubrac
4%
12330 Saint-Christophe-Vallon
4%
12260 Sainte-Croix
4%
12130 Saint Geniez d'Olt et d'Aubrac
4%
12140 Saint-Hippolyte
4%
12230 Saint-Jean-du-Bruel
4%
12250 Saint-Jean-et-Saint-Paul
4%
12560 Saint-Laurent-d'Olt
4%
12780 Saint-Léons
4%
12130 Saint-Martin-de-Lenne
4%
12560 Saint-Saturnin-de-Lenne
4%
12260 Salvagnac-Cajarc
4%
12230 Sauclières
4%
12200 Savignac
4%
12320 Sénergues
4%
12700 Sonnac
4%
12600 Taussac
4%
12250 Tournemire
4%
12290 Trémouilles
4%
12330 Valady
4%
12520 Verrières
4%
12580 Villecomtal
4%
12220 Albres
0%
12390 Anglars-Saint-Félix
0%
12120 Auriac-Lagast
0%
12260 Balaguier-d'Olt
0%
12380 Balaguier-sur-Rance
0%
12490 Bastide-Pradines
0%
12550 Bastide-Solages
0%
12550 Brasc
0%
12800 Cabanès
0%
12400 Calmels-et-le-Viala
0%
12260 Capelle-Balaguier
0%
Capelle-Bleys
0%
12130 Capelle-Bonance
0%
12210 Cassuéjouls
0%
12240 Castanet
0%
12800 Castelmary
0%
12500 Castelnau-de-Mandailles
0%
12620 Castelnau-Pégayrols
0%
12700 Causse-et-Diège
0%
12230 Cavalerie
0%
12500 Cayrol
0%
12540 Clapier
0%
12370 Combret
0%
12100 Comprégnac
0%
12470 Condom-d'Aubrac
0%
12170 Connac
0%
12540 Cornus
0%
12400 Costes-Gozon
0%
12230 Couvertoirade
0%
12800 Crespin
0%
12640 Cresse
0%
12210 Curières
0%
12540 Fondamente
0%
12270 Fouillade
0%
12230 Hospitalet-du-Larzac
0%
12380 Laval-Roquecezière
0%
12170 Lédergues
0%
12440 Lescure-Jaoul
0%
12430 Lestrade-et-Thouels
0%
12740 Loubière
0%
12550 Martrin
0%
12360 Mélagues
0%
12120 Meljac
0%
12360 Montagnol
0%
12550 Montclar
0%
12380 Montfranc
0%
12490 Montjaux
0%
12210 Montpeyroux
0%
12200 Morlhon-le-Haut
0%
12370 Mounes-Prohencoux
0%
12330 Mouret
0%
12370 Murasson
0%
12600 Murols
0%
12190 Nayrac
0%
12310 Palmas d'Aveyron
0%
12520 Paulhe
0%
12130 Pierrefiche
0%
12550 Plaisance
0%
12380 Pousthomy
0%
12240 Pradinas
0%
12100 Roque-Sainte-Marguerite
0%
12200 Rouquette
0%
12120 Rullac-Saint-Cirq
0%
12400 Saint-Félix-de-Sorgues
0%
12250 Saint-Jean-d'Alcapiès
0%
12170 Saint-Jean-Delnous
0%
12800 Saint-Just-sur-Viaur
0%
12620 Saint-Laurent-de-Lévézou
0%
12200 Saint-Rémy
0%
12370 Saint-Sever-du-Moustier
0%
12400 Saint-Victor-et-Melvieu
0%
12260 Salles-Courbatiès
0%
12120 Salmiech
0%
12440 Salvetat-Peyralès
0%
12260 Saujac
0%
12170 Selve
0%
12380 Serre
0%
12360 Sylvanès
0%
12360 Tauriac-de-Camarès
0%
12440 Tayrac
0%
12600 Thérondels
0%
12430 Truel
0%
12200 Vailhourles
0%
12220 Valzergues
0%
12220 Vaureilles
0%
12400 Versols-et-Lapeyre
0%
12720 Veyreau
0%
12250 Viala-du-Pas-de-Jaux
0%
12490 Viala-du-Tarn
0%
12290 Vibal
0%
12310 Vimenet
0%
Aucun quiz correspondant
Distribution des résultats
% des personnes avec chaque résultat
Percentile par nombre de réponses
Votre historique - résultats
Vous n’avez pas pris ce quiz